[Event "Paracin Prestige op"]
[Site "Paracin"]
[Date "2023.01.20"]
[Round "5"]
[White "Dinic, Dragan"]
[Black "Ivanov, Mikhail M"]
[Result "1/2-1/2"]
[WhiteElo "2157"]
[BlackElo "2320"]
[PlyCount "117"]
[EventDate "2023.01.17"]
[EventType "swiss"]
[EventRounds "9"]
[EventCountry "SRB"]
[SourceTitle "CBM 212 Extra"]
[Source "ChessBase"]
[SourceDate "2023.03.31"]
[SourceVersion "1"]
[SourceVersionDate "2023.03.31"]
[SourceQuality "1"]

1. e4 c6 2. Nc3 d5 3. Qe2 d4 4. Nb1 e5 5. d3 Ne7 6. g3 Ng6 7. Bg2 h5 8. h4 Bg4 9. Bf3 Qd7 10. Bxg4 hxg4 11. Nd2 Bb4 12. a3 Bxd2+ 13. Bxd2 Na6 14. f3 gxf3 15. Qxf3 0-0-0 16. Ne2 Rdf8 17. h5 Ne7 18. g4 f6 19. 0-0-0 c5 20. Ng3 Nc7 21. Nf5 Nxf5 22. gxf5 b5 23. Rdg1 Ne8 24. Qg4 Kb7 25. Qg6 Rf7 26. h6 gxh6 27. Rxh6 Rxh6 28. Qxh6 c4 29. Qh8 Qc6 30. Kd1 Rc7 31. Ke2 Rc8 32. Rg8 c3 33. bxc3 dxc3 34. Be3 a5 35. Rf8 b4 36. Qg8 Nd6 37. Rxc8 Nxc8 38. axb4 axb4 39. Qf7+ Ka6 40. Qc4+ Qxc4 41. dxc4 Nb6 42. Bc5 Ka5 43. Be7 Nxc4 44. Bxf6 Ka4 45. Bg5 b3 46. cxb3+ Kxb3 47. Kd3 Nd6 48. Bc1 Ne8 49. Bg5 c2 50. Bc1 Nf6 51. Bh6 Nd7 52. Bc1 Nc5+ 53. Ke3 Nd7 54. Kd3 Nc5+ 55. Ke3 Nd7 56. Kd3 Nf6 57. Bh6 Nd7 58. Bc1 Nc5+ 59. Ke3 1/2-1/2

[Event "Paracin Winter Amateur"]
[Site "Paracin"]
[Date "2021.01.30"]
[Round "3"]
[White "Dinic, Dragan"]
[Black "Dimitrijevic, Dusan"]
[Result "0-1"]
[WhiteElo "2251"]
[BlackElo "2130"]
[PlyCount "54"]
[EventDate "2021.01.29"]
[EventType "swiss"]
[EventRounds "9"]
[EventCountry "SRB"]
[SourceTitle "EXT 2022"]
[Source "ChessBase"]
[SourceDate "2021.10.06"]
[SourceVersion "1"]
[SourceVersionDate "2021.10.06"]
[SourceQuality "1"]

1. e4 e6 2. d4 d5 3. Nc3 Nf6 4. Bg5 dxe4 5. Nxe4 Be7 6. Ng3 c5 7. Nf3 Nc6 8. dxc5 Qa5+ 9. c3 Qxc5 10. Bxf6 gxf6 11. Be2 f5 12. 0-0 Bd7 13. Re1 0-0-0 14. b4 Qb6 15. Bf1 Bf6 16. Rc1 h5 17. Ne2 e5 18. Qc2 Kb8 19. a3 h4 20. c4 e4 21. c5 Qc7 22. Nd2 Ne5 23. Nc3 Ng4 24. g3 hxg3 25. hxg3 Qxg3+ 26. fxg3 Bd4+ 27. Kg2 Rh2# 0-1

[Event "Paracin Winter op"]
[Site "Paracin"]
[Date "2019.02.04"]
[Round "7"]
[White "Dinic, Dragan"]
[Black "Djokic, Slavoljub"]
[Result "1-0"]
[WhiteElo "2297"]
[BlackElo "2131"]
[PlyCount "147"]
[EventDate "2019.01.31"]
[EventType "swiss"]
[EventRounds "9"]
[EventCountry "SRB"]
[SourceTitle "CBM 188 Extra"]
[Source "ChessBase"]
[SourceDate "2019.02.26"]
[SourceVersion "1"]
[SourceVersionDate "2019.02.26"]
[SourceQuality "1"]

1. e4 c5 2. Nf3 d6 3. c3 Nf6 4. Bd3 g6 5. Bc2 Bg7 6. h3 0-0 7. 0-0 Nc6 8. d4 e5 9. dxe5 dxe5 10. Qxd8 Rxd8 11. Bg5 h6 12. Bxf6 Bxf6 13. Nbd2 Be6 14. Bb3 Bxb3 15. axb3 Rd7 16. Nc4 Rad8 17. Ne3 Bg7 18. Rfe1 Kf8 19. Kf1 Ke7 20. Ra4 Ke6 21. Nd5 f5 22. c4 fxe4 23. Rxe4 b6 24. Re1 Kf7 25. Re4 g5 26. Ra1 Ke6 27. Rae1 Rf8 28. h4 gxh4 29. Rxh4 Kf7 30. Rhe4 Kg8 31. Rg4 Kh7 32. Nd2 Nd4 33. Re3 b5 34. Ne4 bxc4 35. bxc4 Rb7 36. Ra3 Rxb2 37. Kg1 Rb7 38. Ra6 Ne2+ 39. Kh2 Rf5 40. g3 h5 41. Rg5 Rxg5 42. Nxg5+ Kh8 43. Rc6 Bf8 44. Rc8 Kg8 45. Rc6 Nd4 46. Ra6 Be7 47. Ne4 h4 48. g4 Bd8 49. Rd6 Bb6 50. g5 Kg7 51. Kh3 Rf7 52. Kg4 Bc7 53. Rf6 Bd8 54. Rh6 a5 55. Rxh4 a4 56. Rh3 Ne6 57. Ra3 Ra7 58. Ndc3 Kg6 59. Rxa4 Rxa4 60. Nxa4 Be7 61. f3 Bf8 62. Nb6 Be7 63. Nd7 Bd8 64. Nxe5+ Kg7 65. f4 Bb6 66. f5 Nd4 67. f6+ Kh7 68. g6+ Kh6 69. f7 Ne6 70. Nd7 Kxg6 71. Nxb6 Kxf7 72. Ng5+ Nxg5 73. Kxg5 Ke6 74. Kf4 1-0

[Event "Paracin Winter op"]
[Site "Paracin"]
[Date "2019.02.03"]
[Round "6"]
[White "Yanjinlkham, Bayarsaikhan"]
[Black "Dinic, Dragan"]
[Result "0-1"]
[WhiteElo "1968"]
[BlackElo "2297"]
[PlyCount "94"]
[EventDate "2019.01.31"]
[EventType "swiss"]
[EventRounds "9"]
[EventCountry "SRB"]
[SourceTitle "CBM 188 Extra"]
[Source "ChessBase"]
[SourceDate "2019.02.26"]
[SourceVersion "1"]
[SourceVersionDate "2019.02.26"]
[SourceQuality "1"]

1. c4 Nf6 2. Nc3 d5 3. cxd5 Nxd5 4. g3 g6 5. Bg2 Nb6 6. d3 Bg7 7. Be3 0-0 8. h4 h5 9. Qd2 Nc6 10. Bxc6 bxc6 11. Bh6 c5 12. Bxg7 Kxg7 13. Ne4 Bb7 14. b3 Qd4 15. Rc1 Bxe4 16. dxe4 Qxe4 17. f3 Qe5 18. Qc3 Qxc3+ 19. Rxc3 c4 20. bxc4 c5 21. Nh3 Rfd8 22. Kf2 Rd2 23. a3 Rad8 24. Rhc1 Rb2 25. R1c2 Rxc2 26. Rxc2 Rd4 27. Ng5 Rxc4 28. Rxc4 Nxc4 29. a4 Nd6 30. e4 e5 31. f4 Kf6 32. Ke3 Nc4+ 33. Kd3 Nb2+ 34. Kc3 Nxa4+ 35. Kc4 exf4 36. gxf4 Nb2+ 37. Kxc5 Nd3+ 38. Kd6 Nxf4 39. e5+ Kg7 40. Nf3 Kf8 41. Kd7 a5 42. Kd6 a4 43. Nd4 a3 44. Kc5 a2 45. Nb3 g5 46. Kd4 gxh4 47. Ke4 h3 0-1

[Event "SRB-chT3 East"]
[Site "Serbia"]
[Date "2015.10.18"]
[Round "11.31"]
[White "Modric, Nesa"]
[Black "Dinic, Dragan"]
[Result "1/2-1/2"]
[WhiteElo "2225"]
[BlackElo "2294"]
[PlyCount "89"]
[EventDate "2015.09.06"]
[EventType "team-tourn"]
[EventRounds "11"]
[EventCountry "SRB"]
[SourceTitle "EXT 2022"]
[Source "ChessBase"]
[SourceDate "2021.10.06"]
[SourceVersion "1"]
[SourceVersionDate "2021.10.06"]
[SourceQuality "1"]

1. d4 Nf6 2. Nf3 g6 3. g3 Bg7 4. Bg2 0-0 5. 0-0 d5 6. c4 dxc4 7. Qa4 Nd5 8. Qxc4 Nb6 9. Qd3 Nc6 10. Rd1 e5 11. d5 Ne7 12. e4 Bd7 13. Be3 Nec8 14. Na3 Nd6 15. Nd2 f5 16. f3 Rf7 17. Rac1 h5 18. Nac4 h4 19. Bf2 hxg3 20. hxg3 Qg5 21. b3 Raf8 22. Rc2 fxe4 23. Nxe4 Nxe4 24. fxe4 Bg4 25. Re1 Bf6 26. Ne3 Be7 27. Nf1 Bd6 28. Be3 Qh5 29. Rf2 Nd7 30. Rc1 a6 31. Rcc2 Nf6 32. Bh1 Bh3 33. Nh2 Ng4 34. Rxf7 Rxf7 35. Nxg4 Qxg4 36. Bf2 Qh5 37. Bg2 Bg4 38. Bc5 Qg5 39. Be3 Qe7 40. Rf2 Rxf2 41. Bxf2 Bc5 42. Qd2 Kg7 43. Kh2 b6 44. Be3 Bxe3 45. Qxe3 1/2-1/2

[Event "Paracin-ch"]
[Site "Paracin"]
[Date "2015.01.18"]
[Round "5"]
[White "Dinic, Dragan"]
[Black "Aleksic, Neven"]
[Result "1/2-1/2"]
[WhiteElo "2323"]
[BlackElo "2070"]
[PlyCount "40"]
[EventDate "2015.01.15"]
[EventType "swiss"]
[EventRounds "7"]
[EventCountry "SRB"]
[SourceTitle "CBM 164 Extra"]
[Source "ChessBase"]
[SourceDate "2015.03.02"]
[SourceVersion "1"]
[SourceVersionDate "2015.03.02"]
[SourceQuality "1"]

1. e4 e5 2. Nf3 Nc6 3. Bb5 a6 4. Ba4 Nf6 5. d4 exd4 6. 0-0 Be7 7. Re1 0-0 8. e5 Nd5 9. Bb3 Nb6 10. Nxd4 Nxd4 11. Qxd4 d5 12. exd6 Bxd6 13. Bf4 Qh4 14. g3 Qg4 15. h3 Qf3 16. Nd2 Qc6 17. Kh2 Bxf4 18. Qxf4 Be6 19. Qe4 Bd5 20. Bxd5 Nxd5 1/2-1/2

[Event "SRB-chT2 East"]
[Site "Leskovac"]
[Date "2014.09.27"]
[Round "5.6"]
[White "Dinic, Dragan"]
[Black "Colic, Nikola"]
[Result "1/2-1/2"]
[WhiteElo "2310"]
[BlackElo "2209"]
[PlyCount "34"]
[EventDate "2014.09.25"]
[EventType "team-swiss"]
[EventRounds "6"]
[EventCountry "SRB"]
[SourceTitle "EXT 2015"]
[Source "ChessBase"]
[SourceDate "2014.11.20"]
[SourceVersion "1"]
[SourceVersionDate "2014.11.20"]
[SourceQuality "1"]

1. e4 e6 2. d4 d5 3. Nc3 Bb4 4. Bd2 dxe4 5. Qg4 Nf6 6. Qxg7 Rg8 7. Qh6 Rg6 8. Qh4 Bxc3 9. Bxc3 b6 10. 0-0-0 Bb7 11. Ne2 Nbd7 12. Qf4 Rg4 13. Qd2 Nd5 14. Ng3 Qh4 15. Qe1 Nxc3 16. Qxc3 0-0-0 17. Be2 Rgg8 1/2-1/2

[Event "SRB-CupT Central Serbia"]
[Site "Serbia"]
[Date "2014.05.02"]
[Round "5.3"]
[White "Savic, Miodrag"]
[Black "Dinic, Dragan"]
[Result "1/2-1/2"]
[WhiteElo "2213"]
[BlackElo "2298"]
[PlyCount "52"]
[EventDate "2014.03.23"]
[EventType "team"]
[EventRounds "8"]
[EventCountry "SRB"]
[SourceTitle "EXT 2015"]
[Source "ChessBase"]
[SourceDate "2014.11.20"]
[SourceVersion "1"]
[SourceVersionDate "2014.11.20"]
[SourceQuality "1"]

1. d4 Nf6 2. c4 g6 3. Nc3 d5 4. Nf3 Bg7 5. Bf4 0-0 6. e3 c5 7. dxc5 Qa5 8. Nd2 dxc4 9. Bxc4 Qxc5 10. Qb3 Qa5 11. Qb5 Qd8 12. Rd1 a6 13. Qb3 Qa5 14. Nd5 Nxd5 15. Bxd5 Nd7 16. 0-0 Nc5 17. Qc2 Ne6 18. Nc4 Qc5 19. Bg3 a5 20. b3 Ra6 21. Qe2 b5 22. Nb2 Rb6 23. Be4 Ba6 24. Nd3 Qa3 25. Rc1 Ng5 26. Bd5 e6 1/2-1/2

[Event "Paracin-ch"]
[Site "Paracin"]
[Date "2014.01.17"]
[Round "6"]
[White "Dinic, Dragan"]
[Black "Stefanovic, Vladimir"]
[Result "1/2-1/2"]
[WhiteElo "2313"]
[BlackElo "2201"]
[PlyCount "38"]
[EventDate "2014.01.10"]
[EventType "swiss"]
[EventRounds "9"]
[EventCountry "SRB"]
[SourceTitle "CBM 158 Extra"]
[Source "ChessBase"]
[SourceDate "2014.02.28"]
[SourceVersion "1"]
[SourceVersionDate "2014.02.28"]
[SourceQuality "1"]

1. e4 c5 2. Nf3 Nc6 3. d4 cxd4 4. Nxd4 g6 5. Nc3 Bg7 6. Be3 Nf6 7. Be2 0-0 8. 0-0 d5 9. exd5 Nxd5 10. Nxd5 Qxd5 11. Bf3 Qc4 12. Nxc6 bxc6 13. c3 Rb8 14. Qd2 Bf5 15. Rfd1 a5 16. b3 Qxc3 17. Qxc3 Bxc3 18. Rac1 Bb4 19. Bxc6 Rfd8 1/2-1/2

[Event "Paracin-ch"]
[Site "Paracin"]
[Date "2014.01.11"]
[Round "3"]
[White "Todorovic, Nenad I"]
[Black "Dinic, Dragan"]
[Result "1-0"]
[WhiteElo "2104"]
[BlackElo "2313"]
[PlyCount "31"]
[EventDate "2014.01.10"]
[EventType "swiss"]
[EventRounds "9"]
[EventCountry "SRB"]
[SourceTitle "CBM 158 Extra"]
[Source "ChessBase"]
[SourceDate "2014.02.28"]
[SourceVersion "1"]
[SourceVersionDate "2014.02.28"]
[SourceQuality "1"]

1. e4 e5 2. Nf3 Nc6 3. Nc3 Nf6 4. Bb5 Bc5 5. Nxe5 Nxe5 6. d4 Bd6 7. f4 Ng6 8. e5 Bb4 9. 0-0 Bxc3 10. exf6 Qxf6 11. bxc3 0-0 12. f5 Ne7 13. Qh5 g6 14. fxg6 Qxg6 15. Qh4 Nf5 16. Rxf5 1-0

[Event "SRB-chT2 East"]
[Site "Zajecar"]
[Date "2013.10.11"]
[Round "2"]
[White "Dinic, Dragan"]
[Black "Garic, Radomir"]
[Result "1-0"]
[WhiteElo "2309"]
[BlackElo "2261"]
[PlyCount "72"]
[EventDate "2013.10.10"]
[EventType "team-swiss"]
[EventRounds "8"]
[EventCountry "SRB"]
[SourceTitle "EXT 2014"]
[Source "ChessBase"]
[SourceDate "2013.11.20"]
[SourceVersion "1"]
[SourceVersionDate "2013.11.20"]
[SourceQuality "1"]

1. e4 c5 2. Nf3 Nc6 3. Bb5 g6 4. 0-0 Bg7 5. Nc3 Nf6 6. h3 0-0 7. d3 d6 8. Bxc6 bxc6 9. e5 Nd5 10. exd6 exd6 11. Ne4 Bf5 12. Re1 Qd7 13. c3 Rab8 14. Ng3 Rfe8 15. Rxe8+ Rxe8 16. d4 c4 17. Bd2 Nb6 18. Bf4 Bd3 19. Qd2 Be4 20. Nh2 h5 21. Re1 d5 22. Bh6 Bd3 23. Bxg7 Rxe1+ 24. Qxe1 Kxg7 25. Nf3 Qe6 26. Qd2 Qf6 27. Ne5 h4 28. Ne2 Bxe2 29. Qxe2 Qf4 30. Nxc6 Nd7 31. Qe3 Qf5 32. Qe7 Qf4 33. Qe1 Nf6 34. Ne5 Ne4 35. Ng4 g5 36. Ne3 Qd6 1-0

[Event "SRB Central-ch op-A 6th"]
[Site "Paracin"]
[Date "2013.07.12"]
[Round "9"]
[White "Dinic, Dragan"]
[Black "Radovic, Luka"]
[Result "1-0"]
[WhiteElo "2311"]
[BlackElo "2065"]
[PlyCount "63"]
[EventDate "2013.07.05"]
[EventType "swiss"]
[EventRounds "9"]
[EventCountry "SRB"]
[SourceTitle "EXT 2014"]
[Source "ChessBase"]
[SourceDate "2013.11.20"]
[SourceVersion "1"]
[SourceVersionDate "2013.11.20"]
[SourceQuality "1"]

1. e4 c5 2. Nf3 d6 3. Bc4 Nf6 4. d3 e6 5. 0-0 Nc6 6. c3 d5 7. exd5 exd5 8. Bb5 Be7 9. d4 0-0 10. dxc5 Ne4 11. Nbd2 Bxc5 12. Nb3 Bb6 13. Nfd4 Qf6 14. Be3 Ne5 15. Be2 Qg6 16. Bh5 Qf6 17. Nd2 Qh4 18. Be2 Qe7 19. h3 Bc7 20. Re1 f5 21. Qb3 Qf7 22. Bf4 g5 23. Nxe4 fxe4 24. Be3 g4 25. h4 Nf3+ 26. gxf3 gxf3 27. Kh1 Qh5 28. Rg1+ Kh8 29. Bg5 Rf4 30. Nf5 Rxf5 31. Qb4 Rf7 32. Qd4+ 1-0